| 000 | 01048cab a22002415a 4500 | ||
|---|---|---|---|
| 001 | L146056 | ||
| 008 | 081204s2008 xxk f g 000 0 eng d | ||
| 035 | _a(Sirsi) u146056 | ||
| 041 | 0 | _aeng | |
| 100 | 1 | _aChick, Mark | |
| 245 | 0 | 2 | _aA short history of leasehold reform |
| 260 | _c2008 | ||
| 490 |
_aNews on the Block _v(42) November 2008, 50-51(2) |
||
| 520 | _aArticle looks at the origin of leasehold enfranchisement, stating that the rights available to residential long leaseholders have improved greatly over the last 30 years. Explores the legislative history, as well as the socio-political factors of leasehold reform. | ||
| 590 | _aKA | ||
| 650 | 2 | 4 | _aCOMMONHOLD AND LEASEHOLD REFORM ACT 2002 |
| 650 | 2 | 4 | _aLANDLORD AND TENANT ACT 1987 |
| 650 | 2 | 4 | _aLEASEHOLD REFORM ACT 1967 |
| 650 | 2 | 4 | _aLEASEHOLD REFORM, HOUSING AND URBAN DEVELOPMENT ACT 1993 |
| 651 | 4 |
_aUnited Kingdom _y |
|
| 690 | _aPROPERTY-RESIDENTIAL PROPERTY-RESIDENTIAL LANDLORD AND TENANT-RESIDENTIAL LEASES-RESIDENTIAL LEASEHOLD ENFRANCHISEMENT | ||
| 942 | _n0 | ||
| 999 |
_c81012 _d81012 |
||